[Event "X. Solinger Karnevalsopen"]
[Site "Solingen"]
[Date "2019.03.02"]
[Round "3.11"]
[White "Illner, Jan"]
[Black "Jahrke, Jonas"]
[Result "0-1"]
[WhiteElo "1636"]
[BlackElo "1817"]
[PlyCount "106"]
[EventDate "2019.??.??"]
[WhiteTeam "SG Bochum"]
[BlackTeam "SF Essen-Katernberg"]

1. d4 Nf6 2. Nf3 g6 3. e3 Bg7 4. c4 c5 5. Be2 O-O 6. O-O cxd4 7. Nxd4 Nc6 8. b3
Nxd4 9. exd4 d5 10. c5 Ne4 11. Be3 Nxc5 12. Nc3 Ne4 13. Rc1 Nxc3 14. Rxc3 Bf5
15. Qd2 Rc8 16. Rfc1 Rxc3 17. Qxc3 Qd7 18. Qb4 a6 19. Bf4 Rc8 20. Rxc8+ Qxc8
21. Qxe7 Bxd4 22. Bh6 Be6 23. Qa3 Bg7 24. Bf4 d4 25. Qd6 Bf5 26. a4 h5 27. h4
Qd7 28. Qxd7 Bxd7 29. a5 Kf8 30. Bd6+ Ke8 31. Bd3 Be6 32. b4 Kd7 33. Bc5 Bf5
34. Bc4 Be6 35. Bd3 Bd5 36. f4 Bc6 37. Kf2 Bb5 38. Be4 Bc6 39. Bd3 Ke6 40. Bc4+
Bd5 41. Bd3 f5 42. g3 Bb3 43. Ke2 Kd5 44. Kd2 Bc4 45. Kc2 Bf6 46. Kd2 Bd8 47.
Kc2 Bxd3+ 48. Kxd3 Bxa5 49. Bxd4 Bxb4 50. Bf2 b5 51. Kc2 Kc4 52. Kb2 Bc3+ 53.
Kc2 b4 0-1

[Event "X. Solinger Karnevalsopen"]
[Site "Solingen"]
[Date "2019.03.02"]
[Round "3.12"]
[White "Michalczak, Thomas"]
[Black "Schütz, Samson"]
[Result "0-1"]
[WhiteElo "2239"]
[BlackElo "1709"]
[PlyCount "80"]
[EventDate "2019.??.??"]
[WhiteTeam "SG Solingen"]
[BlackTeam "Fideler Bauer Leverkusen"]

1. e4 e5 2. Nf3 Nc6 3. Bb5 a6 4. Ba4 Nf6 5. O-O b5 6. Bb3 Be7 7. Re1 O-O 8. a4
b4 9. d3 Bb7 10. Nbd2 Re8 11. Nf1 d5 12. exd5 Nd4 13. Bc4 Bxd5 14. Nxe5 Bd6 15.
f4 Bxc4 16. dxc4 Nf5 17. Qd3 Bc5+ 18. Ne3 Rxe5 19. fxe5 Qxd3 20. cxd3 Ng4 21.
Kh1 Ngxe3 22. Bxe3 Nxe3 23. Re2 Re8 24. h3 Bd4 25. c5 Rxe5 26. Rc1 g6 27. c6
Kf8 28. b3 Ke7 29. Rce1 Kd6 30. Rc1 f5 31. g3 Kd5 32. Kg1 Ng4+ 33. Kf1 Rxe2 34.
Kxe2 Ne5 35. Rf1 Nxc6 36. g4 Be5 37. gxf5 gxf5 38. Rg1 Nd4+ 39. Kf2 Nxb3 40.
Rb1 Nc5 0-1

[Event "X. Solinger Karnevalsopen"]
[Site "Solingen"]
[Date "2019.03.02"]
[Round "3.13"]
[White "Reinacher, Detlev"]
[Black "Marcziter, Dr. Dmitrii"]
[Result "0-1"]
[WhiteElo "1697"]
[BlackElo "2225"]
[PlyCount "102"]
[EventDate "2019.??.??"]
[WhiteTeam "SC Hansa Dortmund"]
[BlackTeam "DJK Aufwärts Aachen"]

1. e4 c5 2. d3 Nc6 3. g3 g6 4. Bg2 Bg7 5. Nf3 d6 6. c3 e5 7. Nbd2 Nge7 8. O-O
O-O 9. Qc2 h6 10. a3 Be6 11. b3 Qd7 12. Re1 f5 13. exf5 gxf5 14. Bb2 Rf7 15.
Re2 Raf8 16. Rae1 f4 17. b4 cxb4 18. axb4 Bg4 19. Rf1 Ng6 20. b5 Nce7 21. c4
Qf5 22. Qb1 Qh5 23. Qa1 Nc8 24. Ree1 b6 25. d4 fxg3 26. fxg3 Bxf3 27. Bxf3 Rxf3
28. Nxf3 Rxf3 29. Rxf3 Qxf3 30. dxe5 Nxe5 31. Qa2 Kh8 32. c5 bxc5 33. Qe6 Qb7
34. Bxe5 dxe5 35. Qe8+ Kh7 36. Rd1 Qf3 37. Rd8 Qe3+ 38. Kg2 Qe2+ 39. Kg1 Qe1+
40. Kg2 Qe4+ 41. Kg1 Qb1+ 42. Kg2 Qa2+ 43. Kh3 Nb6 44. Rb8 Qc4 45. Kg2 Qd5+ 46.
Kg1 e4 47. Qe7 Qd1+ 48. Kg2 Qf3+ 49. Kh3 Nd5 50. Qh4 Qf1+ 51. Kg4 Nf6+ 0-1

[Event "X. Solinger Karnevalsopen"]
[Site "Solingen"]
[Date "2019.03.02"]
[Round "3.14"]
[White "Naundorf, Maik"]
[Black "Meyer zu Kniendorf, Jochen"]
[Result "1-0"]
[WhiteElo "2147"]
[BlackElo "1723"]
[PlyCount "63"]
[EventDate "2019.??.??"]
[WhiteTeam "Königsspringer Hagen/Wetter"]
[BlackTeam "Düsseldorfer SK"]

1. c4 g6 2. Nc3 Bg7 3. Nf3 c5 4. g3 Nc6 5. Bg2 b6 6. O-O Bb7 7. e3 e5 8. d4
exd4 9. exd4 Nge7 10. Nb5 O-O 11. Nd6 Ba6 12. Qa4 Nc8 13. Bf4 Nxd6 14. Bxd6 Bb7
15. dxc5 Re8 16. Rab1 bxc5 17. Bxc5 Qc7 18. Qa3 Bf8 19. Bxf8 Rxf8 20. Rbd1 Rfe8
21. Rd2 Nb8 22. b3 a5 23. h4 h6 24. Rfd1 Ra6 25. Qb2 Rae6 26. Kh2 g5 27. hxg5
hxg5 28. Nxg5 Rh6+ 29. Kg1 Re5 30. Bxb7 Qxb7 31. Rd5 Rxg5 32. Rxg5+ 1-0

[Event "X. Solinger Karnevalsopen"]
[Site "Solingen"]
[Date "2019.03.02"]
[Round "3.15"]
[White "Flesch, Dr. Stefan"]
[Black "Bießner, Eberhard"]
[Result "1-0"]
[WhiteElo "2044"]
[BlackElo "1720"]
[PlyCount "63"]
[EventDate "2019.??.??"]
[WhiteTeam "SG Solingen"]
[BlackTeam "Rheydter SV"]

1. d4 Nf6 2. c4 e6 3. Nc3 Bb4 4. Bd2 b6 5. e3 Bb7 6. Nf3 Bxc3 7. Bxc3 Ne4 8.
Bb4 c5 9. Ba3 a5 10. Be2 Na6 11. O-O O-O 12. Ne1 f5 13. f3 Ng5 14. b3 Rf6 15.
Nd3 d6 16. Bb2 Rh6 17. Nf4 Nf7 18. g3 Qg5 19. Ng2 Qe7 20. f4 Rd8 21. Bf3 g5 22.
Bxb7 Qxb7 23. d5 Qe7 24. Qd3 gxf4 25. exf4 Re8 26. Rae1 Qc7 27. dxe6 Rhxe6 28.
Qxf5 Qc8 29. Qg4+ Rg6 30. Qxc8 Rxc8 31. Nh4 Rh6 32. Nf5 1-0

[Event "X. Solinger Karnevalsopen"]
[Site "Solingen"]
[Date "2019.03.02"]
[Round "3.16"]
[White "Hartjes, Jenny"]
[Black "Steinbach, Wolfgang"]
[Result "0-1"]
[WhiteElo "1668"]
[BlackElo "2022"]
[PlyCount "76"]
[EventDate "2019.??.??"]
[WhiteTeam "OSC Rheinhausen"]
[BlackTeam "SG Solingen"]

1. d4 Nf6 2. Nf3 e6 3. c4 Bb4+ 4. Nc3 c5 5. e3 Nc6 6. Be2 O-O 7. O-O d5 8. cxd5
exd5 9. Qc2 Qe7 10. Re1 Bg4 11. dxc5 Bxf3 12. gxf3 Qxc5 13. a3 Bxc3 14. Qxc3
Qxc3 15. bxc3 Na5 16. Rb1 Rac8 17. Bd2 b6 18. Red1 Nc4 19. Bxc4 Rxc4 20. Rb4
Rc6 21. Be1 Rc5 22. Rdb1 Rfc8 23. Rb5 h6 24. a4 Nd7 25. R5b4 Ne5 26. Kg2 R8c6
27. Rd4 Rg6+ 28. Kh3 Nxf3 29. Rdd1 Ng1+ 30. Kh4 Rc4+ 31. f4 Nf3+ 32. Kh3 Nxe1
33. Rxe1 Rxa4 34. Red1 Ra5 35. Rd2 d4 36. Kh4 dxc3 37. Rc2 Rc5 38. Ra1 a5 0-1

[Event "X. Solinger Karnevalsopen"]
[Site "Solingen"]
[Date "2019.03.02"]
[Round "3.17"]
[White "Speck, Stefan"]
[Black "Ringeltaube, Denny"]
[Result "1-0"]
[WhiteElo "1983"]
[BlackElo "1680"]
[PlyCount "65"]
[EventDate "2019.??.??"]
[WhiteTeam "SC Solingen 28"]
[BlackTeam "Klub Kölner SF"]

1. e4 c5 2. Nf3 e6 3. d4 cxd4 4. Nxd4 Nc6 5. Nc3 Nf6 6. Be3 Bb4 7. Bd3 O-O 8.
O-O Ne5 9. Kh1 a6 10. f4 Nxd3 11. cxd3 Bxc3 12. bxc3 b5 13. a4 bxa4 14. Rxa4
Bb7 15. Rb4 Qc7 16. Rc4 Qa5 17. Nb3 Qd8 18. f5 e5 19. Rb4 Bc6 20. g4 d5 21. g5
Nd7 22. Nd2 a5 23. Rb2 Rb8 24. Rxb8 Qxb8 25. Rf3 Qb2 26. Rh3 g6 27. Qe1 Rb8 28.
Qh4 Qa1+ 29. Kg2 h5 30. gxh6 Qa3 31. h7+ Kh8 32. Bg5 Qf8 33. Be7 1-0

[Event "X. Solinger Karnevalsopen"]
[Site "Solingen"]
[Date "2019.03.02"]
[Round "3.18"]
[White "Pauls, Wilhelm"]
[Black "Karwatzki, Hans-Jürgen"]
[Result "1-0"]
[WhiteElo "1963"]
[BlackElo "1642"]
[PlyCount "47"]
[EventDate "2019.??.??"]
[WhiteTeam "SG Kaarst"]
[BlackTeam "SF Stadtverwaltung Bonn"]

1. e4 e5 2. Nf3 Nc6 3. Bb5 Nf6 4. O-O Bc5 5. c3 Bb6 6. d4 O-O 7. Qd3 d6 8. Nbd2
Qe7 9. h3 Bd7 10. Re1 a6 11. Bxc6 Bxc6 12. b3 Rad8 13. Ba3 Qe8 14. dxe5 dxe5
15. Qc2 Nh5 16. Bxf8 Kxf8 17. Nc4 f6 18. Nxb6 cxb6 19. Rad1 Rc8 20. Qd3 Nf4 21.
Qd6+ Kg8 22. Kh2 Qg6 23. Nh4 Qh5 24. Nf5 1-0

[Event "X. Solinger Karnevalsopen"]
[Site "Solingen"]
[Date "2019.03.02"]
[Round "3.19"]
[White "Spranzel, Dietmar"]
[Black "Scheffner, Jarno"]
[Result "0-1"]
[WhiteElo "1558"]
[BlackElo "1947"]
[PlyCount "126"]
[EventDate "2019.??.??"]
[WhiteTeam "SF Schlebusch"]
[BlackTeam "SK Nordhorn-Blanke"]

1. d4 Nf6 2. Nf3 g6 3. Nc3 Bg7 4. e4 d6 5. Bf4 c6 6. Qd2 b5 7. Bd3 O-O 8. Bh6
Qb6 9. Bxg7 Kxg7 10. e5 dxe5 11. dxe5 Nd5 12. Nxd5 cxd5 13. Qg5 Nc6 14. h4 h5
15. Nh2 Qd4 16. O-O-O Qxe5 17. Bxb5 Qxg5+ 18. hxg5 Nb4 19. a3 Rb8 20. axb4 Rxb5
21. Rhe1 Be6 22. Rd4 Rfb8 23. c3 a5 24. Nf3 axb4 25. Rxb4 Rxb4 26. cxb4 Rxb4
27. Ne5 Rf4 28. Nf3 Bh3 29. gxh3 Rxf3 30. Rxe7 Rxh3 31. Rd7 Rd3 32. Kc2 Rf3 33.
Rxd5 Rxf2+ 34. Kc3 h4 35. Rd3 Rg2 36. Rd4 h3 37. Rh4 h2 38. b4 Rg3+ 39. Kc2 Rg4
40. Rxh2 Rxb4 41. Rg2 Kf8 42. Kd3 Ke7 43. Re2+ Kd6 44. Rf2 Ke6 45. Re2+ Kf5 46.
Re7 Kxg5 47. Rxf7 Kg4 48. Ke2 g5 49. Rg7 Rb2+ 50. Kf1 Kf3 51. Rf7+ Kg3 52. Rc7
g4 53. Rc3+ Kh2 54. Rc7 Rb1+ 55. Ke2 g3 56. Rh7+ Kg1 57. Rg7 g2 58. Rh7 Rb5 59.
Ke1 Re5+ 60. Kd2 Kf2 61. Rf7+ Kg3 62. Rg7+ Kf3 63. Kd1 Re6 0-1

[Event "X. Solinger Karnevalsopen"]
[Site "Solingen"]
[Date "2019.03.02"]
[Round "3.20"]
[White "Albrecht, Philipp"]
[Black "Schülke, Tilman"]
[Result "0-1"]
[WhiteElo "1420"]
[BlackElo "1924"]
[PlyCount "68"]
[EventDate "2019.??.??"]
[WhiteTeam "SF Brett vor'm Kopp Duisburg"]
[BlackTeam "Düsseldorfer SV"]

1. d4 d6 2. Bf4 g6 3. e3 Bg7 4. Nd2 Nf6 5. h4 a6 6. Ngf3 b6 7. c3 Bb7 8. Qb3 e6
9. Bd3 Nbd7 10. O-O Qe7 11. e4 e5 12. dxe5 dxe5 13. Bh2 Nh5 14. Nc4 Rd8 15.
Rad1 O-O 16. Qc2 Nf4 17. Bxf4 exf4 18. Rfe1 Nc5 19. Qe2 a5 20. e5 Bxf3 21. Qxf3
Qxh4 22. Na3 Ne6 23. Bc4 Ng5 24. Qc6 Rxd1 25. Rxd1 Bxe5 26. Re1 Bd6 27. Nb5 Bc5
28. Nd4 Bxd4 29. cxd4 f3 30. Bd5 fxg2 31. Bxg2 Qxd4 32. Qxc7 h5 33. Qg3 Qf6 34.
Qh4 Nf3+ 0-1

[Event "X. Solinger Karnevalsopen"]
[Site "Solingen"]
[Date "2019.03.02"]
[Round "3.21"]
[White "Kuhn, Andreas"]
[Black "Jorke, Roland"]
[Result "1-0"]
[WhiteElo "1895"]
[BlackElo "1422"]
[PlyCount "59"]
[EventDate "2019.??.??"]
[WhiteTeam "SG Niederkassel"]
[BlackTeam "Ohligser Turnverein"]

1. Nf3 d5 2. c4 e6 3. g3 Nf6 4. Bg2 g6 5. O-O Bg7 6. d4 O-O 7. Qc2 Nbd7 8. Rd1
c5 9. cxd5 cxd4 10. dxe6 fxe6 11. Nxd4 Re8 12. Nc3 a6 13. Bg5 Qc7 14. Qd2 e5
15. Nb3 Rb8 16. Rac1 Qb6 17. e4 Rf8 18. Nd5 Nxd5 19. exd5 Nf6 20. h3 Nh5 21.
Be3 Qd8 22. Nc5 Qd6 23. Ne4 Qd7 24. Bb6 Qf7 25. Rc7 Bd7 26. Nc5 Rfd8 27. d6 Qe8
28. Qd5+ Kh8 29. Rxb7 Bc6 30. Qxc6 1-0

[Event "X. Solinger Karnevalsopen"]
[Site "Solingen"]
[Date "2019.03.02"]
[Round "3.22"]
[White "Tonev, Vasil"]
[Black "Iov, Dmitrii"]
[Result "0-1"]
[WhiteElo "1727"]
[BlackElo "1892"]
[PlyCount "54"]
[EventDate "2019.??.??"]
[WhiteTeam "SV Horrem"]
[BlackTeam "Oberbilker SV"]

1. e4 c6 2. d4 d5 3. exd5 cxd5 4. c4 Nf6 5. Nc3 Nc6 6. Nf3 Bg4 7. Qb3 Bxf3 8.
gxf3 Nxd4 9. Qd1 dxc4 10. Be3 Nc6 11. Bxc4 Qxd1+ 12. Rxd1 e6 13. Ke2 Be7 14.
Rhg1 g6 15. Nb5 O-O 16. Nd4 Ne5 17. Bb3 a6 18. h3 Rac8 19. f4 Nc4 20. Bc1 Rfd8
21. f5 e5 22. Nf3 Rxd1 23. Kxd1 e4 24. Nd2 Ne5 25. fxg6 hxg6 26. Bc2 Nd3 27.
Rg2 Rxc2 0-1

[Event "X. Solinger Karnevalsopen"]
[Site "Solingen"]
[Date "2019.03.02"]
[Round "3.23"]
[White "Weinkauf, Viktor"]
[Black "Stracke, André"]
[Result "1-0"]
[WhiteElo "1841"]
[BlackElo "1394"]
[PlyCount "65"]
[EventDate "2019.??.??"]
[WhiteTeam "Aachener SV"]
[BlackTeam "SF Lennep"]

1. e4 e5 2. Nf3 Nc6 3. Bb5 a6 4. Bxc6 dxc6 5. d4 exd4 6. Qxd4 Qxd4 7. Nxd4 Bg4
8. f3 Bd7 9. Bg5 f6 10. Bf4 O-O-O 11. Nc3 g5 12. Bd2 Nh6 13. g4 Nf7 14. h4 c5
15. Nf5 Ne5 16. Rh3 Bxf5 17. exf5 gxh4 18. O-O-O Bg7 19. Bf4 Nc4 20. b3 Rxd1+
21. Nxd1 Ne5 22. Bxe5 Bh6+ 23. f4 fxe5 24. g5 Bf8 25. fxe5 c4 26. Rxh4 Ba3+ 27.
Kd2 Rd8+ 28. Ke2 Bb4 29. c3 Bf8 30. Rxc4 Rd5 31. Re4 h5 32. f6 h4 33. e6 1-0

[Event "X. Solinger Karnevalsopen"]
[Site "Solingen"]
[Date "2019.03.02"]
[Round "3.24"]
[White "Hapka, Luca"]
[Black "Lux, Andreas"]
[Result "0-1"]
[WhiteElo "1233"]
[BlackElo "1809"]
[PlyCount "42"]
[EventDate "2019.??.??"]
[WhiteTeam "Fideler Bauer Leverkusen"]
[BlackTeam "SG Solingen"]

1. e4 c5 2. Nf3 e6 3. d4 cxd4 4. Nxd4 Bc5 5. Nb3 Bb6 6. Nc3 Ne7 7. Bd3 O-O 8.
Bf4 f5 9. Bd6 fxe4 10. Nxe4 Bc7 11. Qd2 Bxd6 12. Nxd6 Qb6 13. Ne4 d5 14. Nc3
Nbc6 15. f4 e5 16. fxe5 Nxe5 17. O-O-O Nxd3+ 18. Qxd3 Rf2 19. g3 Bf5 20. Nxd5
Qh6+ 21. Qe3 Rxc2+ 0-1

[Event "X. Solinger Karnevalsopen"]
[Site "Solingen"]
[Date "2019.03.02"]
[Round "3.25"]
[White "Neu, Martin"]
[Black "Vranidis, Athanassios"]
[Result "0-1"]
[WhiteElo "1233"]
[BlackElo "1976"]
[PlyCount "100"]
[EventDate "2019.??.??"]
[WhiteTeam "SG Niederkassel"]
[BlackTeam "SG Solingen"]

1. d4 d5 2. c4 e6 3. Nc3 Nf6 4. Bg5 Be7 5. e3 O-O 6. Nf3 Nbd7 7. Rc1 c6 8. Bd3
dxc4 9. Bxc4 Nd5 10. Bxe7 Qxe7 11. O-O Nxc3 12. Rxc3 e5 13. dxe5 Nxe5 14. Nxe5
Qxe5 15. Qd4 Qxd4 16. exd4 Rd8 17. Rd1 Bf5 18. Re3 Kf8 19. Re5 Bg6 20. d5 f6
21. Re3 Rd7 22. Re2 Rad8 23. Red2 Rd6 24. Kf1 Be4 25. f3 Bxd5 26. Bxd5 Rxd5 27.
Rxd5 Rxd5 28. Rxd5 cxd5 29. Ke2 Ke7 30. Ke3 Kd6 31. Kd4 b6 32. b4 g6 33. b5 h6
34. g4 g5 35. Kd3 Kc5 36. a4 d4 37. Kd2 Kc4 38. Kc2 d3+ 39. Kd1 Kc3 40. Kc1 d2+
41. Kd1 Kd3 42. h3 Ke3 43. f4 gxf4 44. g5 fxg5 45. a5 f3 46. a6 f2 47. h4 f1=Q+
48. Kc2 d1=Q+ 49. Kb2 Qxb5+ 50. Kc3 Qdd3# 0-1

[Event "X. Solinger Karnevalsopen"]
[Site "Solingen"]
[Date "2019.03.02"]
[Round "3.26"]
[White "Jacobi, Niklas"]
[Black "Martino-Groß, Peter"]
[Result "0-1"]
[WhiteElo "1812"]
[BlackElo "1947"]
[PlyCount "68"]
[EventDate "2019.??.??"]
[WhiteTeam "SV Wesel"]
[BlackTeam "SC Solingen 28"]

1. e4 d5 2. exd5 Qxd5 3. Nc3 Qa5 4. d4 Nf6 5. Nf3 c6 6. Be2 Bf5 7. Bf4 Nbd7 8.
O-O e6 9. a3 Nh5 10. Bg3 Nxg3 11. hxg3 Bd6 12. Bd3 Bg4 13. Ne4 Bc7 14. Qd2 Qh5
15. Be2 h6 16. Qb4 O-O-O 17. Qa4 Kb8 18. b4 f5 19. Nc5 f4 20. b5 fxg3 21. fxg3
Bxg3 22. Nxd7+ Rxd7 23. Rfb1 Bxf3 24. Bxf3 Qh2+ 25. Kf1 Rf8 26. Ke2 Rxf3 27.
Kxf3 Rf7+ 28. Ke3 Qxg2 29. Kd3 Rf3+ 30. Kc4 Re3 31. c3 Qd5+ 32. Kb4 Bd6+ 33.
Ka5 b6+ 34. Ka6 c5 0-1

[Event "X. Solinger Karnevalsopen"]
[Site "Solingen"]
[Date "2019.03.02"]
[Round "3.27"]
[White "Tanz, Manfred"]
[Black "Kushchan, Eduard"]
[Result "0-1"]
[WhiteElo "1610"]
[BlackElo "1944"]
[PlyCount "110"]
[EventDate "2019.??.??"]
[BlackTeam "SG Solingen"]

1. e4 d6 2. f4 Nf6 3. Nc3 g6 4. Nf3 Bg7 5. Bc4 c6 6. O-O d5 7. exd5 cxd5 8. Bb3
O-O 9. d4 Nc6 10. Ne5 Bf5 11. Be3 h5 12. Ba4 Ng4 13. Nxg4 Bxg4 14. Qd2 e6 15.
Rab1 Qf6 16. Bxc6 bxc6 17. Ne2 Rab8 18. h3 Bf5 19. Ng3 c5 20. Nxf5 Qxf5 21. c3
c4 22. b3 Rb7 23. b4 a5 24. a3 axb4 25. axb4 Ra8 26. Ra1 Rba7 27. Rxa7 Rxa7 28.
Qb2 Qd3 29. Rf3 Qd1+ 30. Rf1 Qd3 31. Rf3 Bf8 32. Kh1 Qd1+ 33. Bg1 Ra1 34. Qf2
Rc1 35. Kh2 Be7 36. Kh1 Rc2 37. Qe3 Re2 38. Kh2 Rxe3 39. Rxe3 Bd6 40. g3 h4 41.
Bf2 hxg3+ 42. Kxg3 g5 43. Kg2 gxf4 44. Re1 f3+ 45. Kh1 Qc2 46. Rg1+ Kh7 47. Rf1
Qe2 48. Kg1 Bh2+ 49. Kxh2 Qxf1 50. Kg3 Qg2+ 51. Kf4 Qxf2 52. b5 Qe2 53. b6 f2
54. b7 f1=Q+ 55. Kg3 Qff2# 0-1

[Event "X. Solinger Karnevalsopen"]
[Site "Solingen"]
[Date "2019.03.02"]
[Round "3.28"]
[White "Krüger, Till"]
[Black "Mukovskiy, Peter"]
[Result "1-0"]
[WhiteElo "1926"]
[BlackElo "1545"]
[PlyCount "61"]
[EventDate "2019.??.??"]
[WhiteTeam "SC Nidderau"]
[BlackTeam "Düsseldorfer SK"]

1. e4 c5 2. Nf3 g6 3. d4 cxd4 4. Qxd4 Nf6 5. Nc3 Nc6 6. Qa4 d6 7. e5 dxe5 8.
Nxe5 Bd7 9. Nxd7 Qxd7 10. Bb5 Bg7 11. O-O O-O 12. Bf4 a6 13. Bxc6 Qxc6 14. Qxc6
bxc6 15. Be5 Rfd8 16. Rfd1 Nd5 17. Bxg7 Kxg7 18. Ne4 Rab8 19. Nc5 Nc7 20. b3
Rxd1+ 21. Rxd1 Rb5 22. Nd3 Rd5 23. Kf1 e5 24. c4 Rd4 25. Ke2 e4 26. Nc5 Rxd1
27. Kxd1 f5 28. Kd2 Kf7 29. Ke3 a5 30. g4 fxg4 31. Kxe4 1-0

[Event "X. Solinger Karnevalsopen"]
[Site "Solingen"]
[Date "2019.03.02"]
[Round "3.29"]
[White "Boschek, Dr. Hans-Joachim"]
[Black "Bolz, Jannis"]
[Result "1-0"]
[WhiteElo "1922"]
[BlackElo "1461"]
[PlyCount "59"]
[EventDate "2019.??.??"]
[WhiteTeam "SG Solingen"]
[BlackTeam "DJK Aufwärts Aachen"]

{[%evp 0,61,19,31,72,53,111,102,81,62,49,45,40,37,38,41,56,10,76,64,76,50,51,
33,49,14,12,1,1,0,14,-12,-8,-29,-21,-12,-19,-25,-16,-92,-3,-2,0,0,9,-4,4,-2,12,
1,20,0,24,32,45,44,49,35,30,29,108,86,122,123]} 1. Nf3 Nf6 2. c4 g6 3. g3 Bg7
4. Bg2 O-O 5. d4 d5 6. cxd5 Nxd5 7. O-O c6 8. e4 Nb6 9. Nc3 Bg4 10. Be3 Qd7 11.
Qd3 Na6 12. a3 Nc7 13. Rad1 Bh3 14. Ne5 Qc8 15. f4 Bxg2 16. Kxg2 Nd7 17. Nc4
Nf6 18. f5 Rd8 19. Qe2 Nce8 20. Bg5 Qc7 21. Qf3 c5 22. d5 Nd6 23. Ne3 Qb6 24.
Rf2 Nb5 25. Nxb5 Qxb5 26. fxg6 hxg6 27. e5 Nd7 28. Qxf7+ Kh7 29. Rf4 Qe2+ 30.
Kh3 1-0

[Event "X. Solinger Karnevalsopen"]
[Site "Solingen"]
[Date "2019.03.02"]
[Round "3.30"]
[White "Soechting, Marc"]
[Black "Prang, Andreas"]
[Result "0-1"]
[WhiteElo "1484"]
[BlackElo "1821"]
[PlyCount "96"]
[EventDate "2019.??.??"]
[WhiteTeam "SF Anna Wuppertal"]
[BlackTeam "SV Unser Fritz"]

1. d4 Nf6 2. Bf4 c5 3. e3 g6 4. Nc3 cxd4 5. Nb5 d6 6. exd4 a6 7. Nc3 Bg7 8. Qd2
b5 9. a3 Bb7 10. f3 Nc6 11. O-O-O Rc8 12. Kb1 Na5 13. Bh6 Bxh6 14. Qxh6 Nc4 15.
Bxc4 Rxc4 16. Qg7 Rg8 17. Qxh7 Rxc3 18. bxc3 g5 19. Qh3 Qa5 20. d5 g4 21. fxg4
Rxg4 22. Qf3 Ra4 23. Re1 Rxa3 24. Kc1 Rxc3 25. Qxf6 Qa1+ 26. Kd2 Qxe1+ 27. Kxe1
exf6 28. Kd2 Bxd5 29. Kxc3 Bxg2 30. Kb4 Bxh1 31. Ka5 Bb7 32. Kb6 Bc8 33. Kc7
Bf5 34. c3 Bg4 35. Kxd6 a5 36. Kc5 a4 37. Kb4 f5 38. h3 Bh5 39. c4 bxc4 40.
Kxc4 f4 41. Kb4 a3 42. Kxa3 f3 43. Nxf3 Bxf3 44. Kb3 Ke7 45. Kc3 Kf6 46. Kd3
Kg5 47. Ke3 Bb7 48. Kd4 f5 0-1

[Event "X. Solinger Karnevalsopen"]
[Site "Solingen"]
[Date "2019.03.02"]
[Round "3.31"]
[White "Bochynek, Josua Peter"]
[Black "Leontiev, Oleg"]
[Result "0-1"]
[WhiteElo "1644"]
[BlackElo "2007"]
[PlyCount "126"]
[EventDate "2019.??.??"]
[WhiteTeam "SV Unna"]
[BlackTeam "SV Turm Sankt Augustin"]

1. e4 c6 2. Nc3 d5 3. Nf3 dxe4 4. Nxe4 Bf5 5. Ng3 Bg6 6. h4 h6 7. Ne5 Bh7 8.
Qh5 g6 9. Bc4 e6 10. Qe2 Qe7 11. b3 Bg7 12. Bb2 Nf6 13. a4 O-O 14. Ba3 c5 15.
d4 Nfd7 16. Nxd7 Nxd7 17. Rd1 Rfd8 18. d5 Bc3+ 19. Kf1 Nb6 20. Qe3 Nxc4 21.
bxc4 Bg7 22. Bxc5 Qd7 23. a5 Qa4 24. Qb3 Qxa5 25. Be7 Rd7 26. d6 Re8 27. c3 Rc8
28. Ne4 Qa6 29. Qb5 Qc6 30. Rd4 f5 31. Nf6+ Bxf6 32. Bxf6 Rxd6 33. Qe5 Rxd4 34.
cxd4 Qxc4+ 35. Kg1 Qc1+ 36. Kh2 Qc7 37. Kh3 Qxe5 38. dxe5 Rc3+ 39. g3 g5 40.
hxg5 hxg5 41. Rd1 f4 42. Rd8+ Kf7 43. Rd7+ Kg6 44. Kg4 fxg3 45. fxg3 Rc4+ 46.
Kh3 Kh6 47. Rxb7 Bf5+ 48. Kh2 Rc2+ 49. Kg1 a5 50. Rb3 Ra2 51. Be7 Re2 52. Bd6
a4 53. Ra3 Bc2 54. Rf3 Kh5 55. Rf2 Re1+ 56. Rf1 Re3 57. Kf2 Rb3 58. Ra1 Rc3 59.
Rg1 Kg4 60. Bb4 Rf3+ 61. Ke2 Bd3+ 62. Kd2 Bc4 63. Bc3 a3 0-1

[Event "X. Solinger Karnevalsopen"]
[Site "Solingen"]
[Date "2019.03.02"]
[Round "3.32"]
[White "Bauer, Juri"]
[Black "Schmuck, Markus"]
[Result "0-1"]
[WhiteElo "1427"]
[BlackElo "1963"]
[PlyCount "74"]
[EventDate "2019.??.??"]
[WhiteTeam "Oberbilker SV"]
[BlackTeam "SG Solingen"]

1. e4 c5 2. Bc4 Nc6 3. a3 d6 4. d3 g6 5. Be3 Bg7 6. c3 Nf6 7. Ne2 O-O 8. O-O a6
9. Nd2 Ne5 10. f4 Nxc4 11. Nxc4 b5 12. Nd2 Ng4 13. Bf2 Nxf2 14. Rxf2 f5 15.
Qb3+ Kh8 16. d4 Qb6 17. e5 Bb7 18. Nf3 h6 19. h4 Be4 20. Rd1 d5 21. Kh2 c4 22.
Qa2 a5 23. Kg3 Kg8 24. Rh1 Kf7 25. h5 Rg8 26. hxg6+ Qxg6+ 27. Kh2 Bf8 28. g3
Qg4 29. Rhf1 Bd3 30. e6+ Ke8 31. Ne5 Qh5+ 32. Kg2 Bxe2 33. Rh1 Rxg3+ 34. Kxg3
Qxh1 35. Rxe2 Bg7 36. Nd7 Bf6 37. b3 Bh4# 0-1

[Event "X. Solinger Karnevalsopen"]
[Site "Solingen"]
[Date "2019.03.02"]
[Round "3.33"]
[White "Podder, Michael"]
[Black "Marcziter, Alex"]
[Result "1-0"]
[WhiteElo "1939"]
[BlackElo "1213"]
[PlyCount "47"]
[EventDate "2019.??.??"]
[WhiteTeam "Elberfelder SG"]
[BlackTeam "SG Porz"]

1. e4 e5 2. Nf3 Nc6 3. Bb5 a6 4. Ba4 Nf6 5. c3 b5 6. Bb3 Be7 7. O-O O-O 8. a4
Bb7 9. Re1 d6 10. d4 h6 11. Nbd2 Nh7 12. Nf1 Ng5 13. Ng3 Nxf3+ 14. Qxf3 exd4
15. Nf5 dxc3 16. Qg3 Bg5 17. h4 Bf6 18. Bxh6 cxb2 19. Bxg7 Kh7 20. Bxf8 bxa1=Q
21. Rxa1 Bc8 22. Bxf7 Qxf8 23. Qg6+ Kh8 24. Qh5+ 1-0

[Event "X. Solinger Karnevalsopen"]
[Site "Solingen"]
[Date "2019.03.02"]
[Round "3.34"]
[White "Meckel, Helmut"]
[Black "Scheidtmann, Kian"]
[Result "1-0"]
[WhiteElo "1819"]
[BlackElo "1106"]
[PlyCount "71"]
[EventDate "2019.??.??"]
[WhiteTeam "SG Solingen"]
[BlackTeam "SG Solingen"]

1. e4 c5 2. d4 e6 3. Nf3 Nc6 4. d5 exd5 5. exd5 Qe7+ 6. Be2 Ne5 7. O-O Nf6 8.
d6 Qe6 9. Nxe5 Qxe5 10. Re1 Qxd6 11. Bc4+ Kd8 12. Bxf7 Qxd1 13. Rxd1 Ke7 14.
Bc4 a6 15. a4 d6 16. Ra3 Bf5 17. Bf4 Kd7 18. Bd3 Be6 19. c4 Kc6 20. Nc3 Rd8 21.
a5 Be7 22. Rb3 Nd7 23. Be4+ Kc7 24. Rxb7+ Kc8 25. Bxd6 Bxd6 26. Rxd6 Bxc4 27.
b3 Bb5 28. Nxb5 axb5 29. Rxb5 Nb8 30. Rxc5+ Nc6 31. Rcxc6+ Kb8 32. a6 Rxd6 33.
Rxd6 Rc8 34. f3 Rc7 35. b4 Rc4 36. Rd7 1-0

[Event "X. Solinger Karnevalsopen"]
[Site "Solingen"]
[Date "2019.03.02"]
[Round "3.35"]
[White "Krol, Julian"]
[Black "Petrovic, Julijan"]
[Result "1-0"]
[WhiteElo "832"]
[BlackElo "1505"]
[PlyCount "63"]
[EventDate "2019.??.??"]
[WhiteTeam "SF Schlebusch"]
[BlackTeam "Fideler Bauer Leverkusen"]

1. d4 Nf6 2. c4 e6 3. Nc3 Bb4 4. e3 O-O 5. Nf3 d5 6. Bd2 Re8 7. a3 Bd6 8. c5
Bf8 9. Bd3 b6 10. b4 Ba6 11. b5 Bc8 12. c6 a6 13. a4 Bd6 14. Ne5 Re7 15. O-O
Ne8 16. Qh5 Nf6 17. Qh4 h6 18. e4 dxe4 19. Nxe4 Nxe4 20. Qxe4 f5 21. Qh4 Kh7
22. Bg5 Bxe5 23. Bxe7 Qxd4 24. Qxd4 Bxd4 25. Rad1 Be5 26. Rfe1 Bd6 27. Bxd6
cxd6 28. g4 axb5 29. axb5 g6 30. gxf5 exf5 31. Re7+ Kh8 32. Re8+ 1-0